Getting Started With Oracle SOA Suite 11g R1 (Record no. 325101)

MARC details
000 -LEADER
fixed length control field 00495nam a2200169Ia 4500
008 - FIXED-LENGTH DATA ELEMENTS--GENERAL INFORMATION
fixed length control field 230718s9999 xx 000 0 und d
020 ## - INTERNATIONAL STANDARD BOOK NUMBER
International Standard Book Number 9788184048612
041 ## - LANGUAGE CODE
Language code of text/sound track or separate title eng
082 ## - DEWEY DECIMAL CLASSIFICATION NUMBER
Classification number 005.75
Item number BUE
100 ## - MAIN ENTRY--PERSONAL NAME
Personal name Buelow H.
9 (RLIN) 173674
245 ## - TITLE STATEMENT
Title Getting Started With Oracle SOA Suite 11g R1
260 ## - PUBLICATION, DISTRIBUTION, ETC. (IMPRINT)
Date of publication, distribution, etc. 2009
Name of publisher, distributor, etc. Packt Publishing
300 ## - PHYSICAL DESCRIPTION
Extent 468
365 ## - TRADE PRICE
Currency code Rs.
Price amount 500.00
700 ## - ADDED ENTRY--PERSONAL NAME
Personal name Buelow H., Deb M., Kasi J. & L'Her D.
9 (RLIN) 191371
906 ## - LOCAL DATA ELEMENT F, LDF (RLIN)
d O:0088229-Jun-2010B:408803-May-2010
c COMP
b 100
Holdings
Withdrawn status Lost status Damaged status Not for loan Home library Current library Date acquired Vendor Budget Code Cost, normal purchase price Bill number Total Checkouts Full call number Barcode Date last seen Discount Cost, replacement price Bill Date Koha item type Original Barcode
        Cummins College of Engineering for Women Pune Cummins College of Engineering for Women Pune 03/07/2010 Tbs COMP 400.00 4088   005.75 CCEP-BK-36308 18/07/2023 100 500.00 03/05/2010 Books 036308